Bullet Park

Αποθηκεύτηκε σε:
Λεπτομέρειες βιβλιογραφικής εγγραφής
Κύριος συγγραφέας: Cheever, John
Μορφή: Βιβλίο
Γλώσσα:Undetermined
Έκδοση: New York, Estados Unidos Alfred A. Knopf 1969
Θέματα:
Ετικέτες: Προσθήκη ετικέτας
Δεν υπάρχουν, Καταχωρήστε ετικέτα πρώτοι!

MARC

LEADER 00000nam a2200000Ia 4500
008 170316s9999 xx 000 0 und d
999 |c 28739  |d 28739 
040 |a cru BVZT 
090 |a F-810 C-10b 
100 |a Cheever, John 
245 |a Bullet Park 
260 |a New York, Estados Unidos 
260 |b Alfred A. Knopf 
260 |c 1969 
300 |a 245 páginas 
650 |a LITERATURA ESTADOUNIDENSE  |9 25 
650 |a EN IDIOMA INGLÉS  |9 129 
650 |a NOVELA  |9 13 
942 |c 15 D  |h F-810 C-10b  |2 z